000
00281nam a22001337a 4500
020
_a
81-7109-151-2
082
_a
827
_b
COR/C
100
_a
CORNELIUS, JUDSON
245
_a
CHURCH HUMOUR
260
_a
MUMBAI
_b
ST PAULS
_c
2002
300
_a
201
650
_a
JOKES
_z
INDIA
942
_c
BK
999
_c
5689
_d
5689